000 02074nam a2200313Ia 4500
999 _c54989
_d54989
001 22060
003 GE_BSU
005 20221007165455.0
008 181216s ||||ge |||||||||||||| ||geo||
020 _a9789941180934
040 _cGE_BSU
041 _ageo
080 _a811.353.1'36 დ-64
100 _aდობორჯგინიძე, ნინო
_92138
245 _aლინგვისტურ - ჰერმენევტიკული მეტატექსტები :
_bპრაქტიკული გრამატიკა და ჰერმენევტიკა X-XIII საუკუნეების ქართულ წყაროებში /
_cნინო დობორჯგინიძე ; რედ. თამარ სუხიშვილი, მამუკა ლეკვეიშვილი.
264 _aთბილისი :
_bილიას სახელმწ. უნ-ტი,
_c2012.
300 _a251 გვ. :
_b ილ. ;
_c21 სმ
501 _aდანართი I ანტიოქიმიური ხელნაწერები, დანართი II ეფრემ მცირის მეტატექსტები, 215 გვ.
504 _aბიბლიოგრაფია გვ. : 201-213
541 _h6ლ.90თ.
653 _aენათმეცნიერება
653 _aქართული ენის პრობლემები
653 _aლინგვისტურ-ჰერმენევტიკული მეტატექსტები
653 _a პრაქტიკული გრამატიკა და ჰერმენევტიკა X-XIII საუკუნეების ქართულ წყაროებში
653 _aქართული ენა
700 _aსუხიშვილი, თამარ
_eრედაქტორი
_915165
700 _aლეკვეიშვილი, მამუკა
_eრედაქტორი
_915166
942 _cBK
_2udc